|
|
|
|
| LEADER |
00000nab a2200000 a 4500 |
| 001 |
vtls000859603 |
| 003 |
SK-MaSNL |
| 005 |
20260304214808.0 |
| 008 |
250429c2003 xo 0 slo |
| 015 |
|
|
|a SNBRB2004/01-02722
|
| 035 |
|
|
|a CLN000211225
|
| 035 |
|
|
|a urn:nbn:sk:snk-ab6zes
|
| 035 |
|
|
|a (uuid)41a0fd1a-6871-4396-a599-1a241a0d1de4
|
| 035 |
|
|
|a (urnnbn)urn:nbn:sk:snk:ar-a06cfg
|
| 035 |
|
|
|a (sysno)vtls000859603
|
| 040 |
|
|
|a SNKBUCL
|b slo
|c SNKBUCL
|e AACR2
|
| 041 |
0 |
|
|a slo
|
| 044 |
|
|
|a xo
|c SK
|
| 080 |
|
|
|a 159.946.4-053.2
|2 1997
|
| 100 |
1 |
|
|a Vodičková, Barbora,
|d 1971-
|4 aut
|9 223017
|
| 245 |
1 |
0 |
|a Deti, ktoré nekreslia
|c Barbora Vodičková
|
| 300 |
|
|
|b Obr.
|
| 504 |
|
|
|a Res. slov.
|
| 650 |
0 |
7 |
|a hyperkinéza
|2 SNKPH
|9 439861
|
| 650 |
0 |
7 |
|a agrafia
|2 SNKPH
|9 24638
|
| 650 |
0 |
7 |
|a terapia
|2 SNKPH
|9 781
|
| 650 |
0 |
7 |
|a deti
|2 SNKPH
|9 773
|
| 655 |
|
7 |
|a články z novín a časopisov
|2 SNK
|9 267496
|
| 773 |
0 |
|
|t Dieťa nielen pre rodičov
|g Roč. 9, č. 6 (2003), s. 50
|x 1335-0919
|
| 850 |
|
|
|a Slovenská národná knižnica
|
| 852 |
|
|
|a Slovenská národná knižnica
|
| 954 |
|
|
|a odborná, vedecká literatúra pôvodná (slovenská)
|2 lita
|
| 958 |
|
|
|a article27
|
| 958 |
|
|
|a MI
|
| 958 |
|
|
|a OND
|
| 958 |
|
|
|a EUIPO
|
| 999 |
|
|
|c 3143300
|d 3145230
|